Neúplné rodiny /

Hlavní autor: Paloncyová, Jana, 1977-
Další autoři: Barvíková, Jana, 1975-, Höhne, Sylva, 1978-, Kuchařová, Věra, 1951-
Jazyk: Čeština
Vydáno: Praha : VÚPSV, v.v.i., 2019
Vydání: 1. vydání
Témata:
Fyzický popis: 216, 6 stran : barevné ilustrace ; 30 cm
Language note: České a anglické resumé
Knihy
Uloženo v:
LEADER 02329nam a2200625 i 4500
001 nkc20203216895
003 CZ PrNK
005 20250912094214.0
007 ta
008 200504s2019 xr a f 000 0 cze
015 |a cnb003216895 
020 |a 978-80-7416-357-9  |q (brožováno) 
035 |a (OCoLC)1200248078 
040 |a BOA001  |b cze  |d ABA001  |e rda 
041 0 |a cze  |b cze  |b eng 
043 |a e-xr--- 
072 7 |a 316.36  |x Manželství a rodina. Sexuální vztahy  |2 Konspekt  |9 18 
080 |a 316.362.31  |2 MRF 
080 |a 316.362.31-055.52  |2 MRF 
080 |a 331:316.36  |2 MRF 
080 |a 330.564.2  |2 MRF 
080 |a 364-787.24  |2 MRF 
080 |a (437.3)  |2 MRF 
080 |a (048.8:082)  |2 MRF 
100 1 |a Paloncyová, Jana,  |d 1977-  |7 xx0005738  |4 aut 
245 1 0 |a Neúplné rodiny /  |c Jana Paloncyová, Jana Barvíková, Sylva Höhne, Věra Kuchařová 
250 |a 1. vydání 
264 1 |a Praha :  |b VÚPSV, v.v.i.,  |c 2019 
300 |a 216, 6 stran :  |b barevné ilustrace ;  |c 30 cm 
336 |a text  |b txt  |2 rdacontent 
337 |a bez média  |b n  |2 rdamedia 
338 |a svazek  |b nc  |2 rdacarrier 
504 |a Obsahuje bibliografie a bibliografické odkazy 
546 |a České a anglické resumé 
650 0 7 |a neúplná rodina  |7 ph123292  |z Česko  |2 czenas 
650 0 7 |a osamělí rodiče  |7 ph123827  |z Česko  |2 czenas 
650 0 7 |a slaďování rodinného a pracovního života  |7 ph860973  |z Česko  |2 czenas 
650 0 7 |a příjmy  |7 ph124928  |z Česko  |2 czenas 
650 0 7 |a rodinná politika  |7 ph118235  |z Česko  |2 czenas 
650 0 9 |a single-parent family  |z Czechia  |2 eczenas 
650 0 9 |a single parents  |z Czechia  |2 eczenas 
650 0 9 |a work-life balance  |z Czechia  |2 eczenas 
650 0 9 |a income  |z Czechia  |2 eczenas 
650 0 9 |a family policy  |z Czechia  |2 eczenas 
655 7 |a kolektivní monografie  |7 fd501537  |2 czenas 
655 9 |a collective monographs  |2 eczenas 
700 1 |a Barvíková, Jana,  |d 1975-  |7 jo20231184669  |4 aut 
700 1 |a Höhne, Sylva,  |d 1978-  |7 xx0009561  |4 aut 
700 1 |a Kuchařová, Věra,  |d 1951-  |7 jn20010309209  |4 aut 
910 2 |a BOA001  |b 4-1446.621 
928 9 |a Výzkumný ústav práce a sociálních věcí 
990 |a BK 
995 |a 01 
991 |b 202005  |c NOV 
996 6 |b 2610823161  |c 4-1446.621  |l MZK  |r Sklad / do 1 hodiny  |n 4  |p p.v.  |w 001801521  |u 000010  |a 1  |e BOA001  |j MZK50  |s P